The Apparel industry sourcebook 2014.
| Format: | Book |
|---|---|
| Published: |
New York:
Fashiondex,
2013.
|
| Subjects: |
| LEADER | 00482cam a2200157 7i4500 | ||
|---|---|---|---|
| 001 | 0000031680 | ||
| 005 | 20150422090000.0 | ||
| 020 | 0 | 0 | |a 9780971486737 |
| 090 | 0 | 0 | |a I 339.47687025 |b APP |
| 245 | 0 | 4 | |a The Apparel industry sourcebook 2014. |
| 260 | 0 | 0 | |a New York: |b Fashiondex, |c 2013. |
| 300 | # | # | |a 517 p. |
| 650 | 0 | 0 | |a Clothing trade |
| 650 | 0 | 0 | |a Textile industry -- |x Directories |
| 650 | 0 | 0 | |a Clothing trade -- |x Directories |
| 999 | |a B000035125 |b Directories |c Products |e Business Information Centre | ||


